| 000 | 01188nac a22003011u 4500 | ||
|---|---|---|---|
| 010 | _a 2007010459 | ||
| 020 | _a9780849391866 (alk. paper) | ||
| 020 | _a0849391865 (alk. paper) | ||
| 035 | _a(OCoLC)ocm85851603 | ||
| 035 | _a(OCoLC)85851603 | ||
| 082 | 0 | 0 |
_a621.314 _bHAR |
| 090 |
_c8108 _d8108 |
||
| 100 | _aHarlow, James H. [ed.] | ||
| 245 | 0 | 0 |
_aElectric power transformer engineering / _cedited by .James H. Harlow. |
| 250 | _a2nd ed. | ||
| 260 |
_aBoca Raton : _bCRC Press,c2007. _cc2007. |
||
| 300 |
_a1 v. (various pagings) : _bill. ; _c27 cm. |
||
| 440 | 4 | _aThe electrical engineering handbook series | |
| 500 | _aDistributer: Al-Ahram. | ||
| 504 | _aIncludes bibliographical references and index. | ||
| 511 | _aCatalogued By: Mahitab. | ||
| 650 | 0 | _aElectric transformers. | |
| 700 | 1 | _aHarlow, James H. | |
| 856 | 4 | 1 |
_3Table of contents only _uhttp://www.loc.gov/catdir/toc/ecip0713/2007010459.html |
| 856 | 4 | 1 |
_3Publisher description _uhttp://www.loc.gov/catdir/enhancements/fy0710/2007010459-d.html |
| 942 |
_cBB _k621.314HAR |
||
| 999 |
_c8108 _d8108 |
||